[Event "II Festival A"]
[Site "Bisaccia ITA"]
[Date "2010.05.29"]
[Round "1"]
[White "Cardone, Andrea"]
[Black "Parrella, Alfredo"]
[Result "0-1"]
[WhiteElo "1503"]
[BlackElo "2046"]
[PlyCount "78"]
[EventDate "2010.05.29"]

1. d4 Nf6 2. c4 c6 3. Nc3 d5 4. Nf3 e6 5. c5 b6 6. b4 a5 7. Ba3 axb4 8. Bxb4
Na6 9. a3 bxc5 10. dxc5 Bxc5 11. Bxc5 Nxc5 12. e3 Qa5 13. Qc2 Nce4 14. Rc1 O-O
15. Be2 c5 16. O-O Nxc3 17. Qxc3 Qxc3 18. Rxc3 Ne4 19. Rc2 Rxa3 20. Rfc1 Bd7
21. Rb2 Rc8 22. Rb7 Bc6 23. Rb6 Nc3 24. Bf1 Be8 25. h3 c4 26. Nd4 Ne4 27. Nc2
Rc3 28. Be2 Ba4 29. Bd1 Nc5 30. Rcb1 Bxc2 31. Rb8 Rf8 32. Rxf8+ Kxf8 33. Rc1
Bxd1 34. Rxc3 Bb3 35. f3 Nd3 36. Kf1 e5 37. Ke2 d4 38. exd4 exd4 39. Rxb3 Nc1+
0-1

[Event "II Festival A"]
[Site "Bisaccia ITA"]
[Date "2010.05.29"]
[Round "1"]
[White "Celli, Dario"]
[Black "Rossetti, Giovanni"]
[Result "1-0"]
[WhiteElo "2104"]
[BlackElo "1903"]
[PlyCount "77"]
[EventDate "2010.05.29"]

1. d4 d5 2. c4 Nf6 3. cxd5 Qxd5 4. Nc3 Qa5 5. Nf3 Bf5 6. Bd2 e6 7. e4 Bg4 8.
Nd5 Qxd2+ 9. Qxd2 exd5 10. exd5 Nxd5 11. Qe2+ Be7 12. Qb5+ c6 13. Qxb7 Bb4+ 14.
Kd1 O-O 15. Qxa8 Nd7 16. Qxf8+ Nxf8 17. Be2 Ne6 18. a3 Bf8 19. Rc1 Bxf3 20.
Bxf3 Nxd4 21. Bxd5 cxd5 22. Rc7 Ne6 23. Rxa7 g6 24. Ke2 Bc5 25. Ra8+ Kg7 26.
Rc1 Bd4 27. b4 Be5 28. g3 Nd4+ 29. Kd3 Nf3 30. h4 Bb2 31. Rb1 Ne5+ 32. Ke2 Nc4
33. a4 Bc3 34. b5 d4 35. b6 Ne5 36. b7 d3+ 37. Kd1 Ng4 38. b8=Q Nxf2+ 39. Kc1
1-0

[Event "II Festival A"]
[Site "Bisaccia ITA"]
[Date "2010.05.29"]
[Round "1"]
[White "Consalvo, Gerardo"]
[Black "Lazic, Miroljub"]
[Result "0-1"]
[WhiteElo "2013"]
[BlackElo "2494"]
[PlyCount "86"]
[EventDate "2010.05.29"]

1. e4 e5 2. Nf3 Nc6 3. Bc4 Bc5 4. O-O d6 5. c3 Qf6 6. d3 h6 7. b4 Bb6 8. a4 a6
9. Be3 Nge7 10. Nbd2 Ng6 11. h3 Nf4 12. Bxf4 Qxf4 13. Nh2 O-O 14. Nb3 a5 15. b5
Ne7 16. Qf3 Qg5 17. d4 Ng6 18. Qg3 Qxg3 19. fxg3 exd4 20. cxd4 Ne5 21. Be2 Be6
22. Kh1 Bxb3 23. dxe5 dxe5 24. Nf3 f6 25. Nd2 Bf7 26. Rac1 Rfd8 27. Nc4 Bd4 28.
Rc2 b6 29. Nd2 Be3 30. Nf3 Bc5 31. Bc4 Bxc4 32. Rxc4 Rd3 33. Rfc1 Rad8 34. Kh2
h5 35. R4c3 Kf7 36. Rxd3 Rxd3 37. g4 hxg4 38. hxg4 Re3 39. Rc4 Ke6 40. Kh3 g5
41. Kh2 Kd7 42. Nd2 Rd3 43. Nf3 c6 0-1

[Event "II Festival A"]
[Site "Bisaccia ITA"]
[Date "2010.05.29"]
[Round "1"]
[White "Di Muccio, Lindoro"]
[Black "Martorelli, Antonio"]
[Result "0-1"]
[WhiteElo "1934"]
[BlackElo "2259"]
[PlyCount "70"]
[EventDate "2010.05.29"]

1. d4 d5 2. c4 c6 3. Nc3 e5 4. cxd5 cxd5 5. e3 e4 6. Qb3 Nf6 7. Nge2 Nc6 8. Nf4
Bb4 9. Be2 g5 10. Nh3 h6 11. Bd2 O-O 12. Nxe4 Nxe4 13. Bxb4 Bxh3 14. gxh3 Rc8
15. Rc1 Nxb4 16. Rxc8 Qxc8 17. Qxb4 Qxh3 18. Bd3 Qg2 19. Bxe4 dxe4 20. Rf1 Rc8
21. Qd2 Qxh2 22. Qe2 Qc7 23. f4 Qc2 24. Qxc2 Rxc2 25. fxg5 Rc1+ 26. Kf2 Rxf1+
27. Kxf1 hxg5 28. Kg2 f5 29. Kg3 Kf7 30. b3 Ke6 31. a3 Kd5 32. Kf2 f4 33. Ke2
b5 34. Kf2 a5 35. a4 b4 0-1

[Event "II Festival A"]
[Site "Bisaccia ITA"]
[Date "2010.05.29"]
[Round "1"]
[White "Epishin, Vladimir V."]
[Black "Lombardo, Michele"]
[Result "1-0"]
[WhiteElo "2611"]
[BlackElo "2028"]
[PlyCount "32"]
[EventDate "2010.05.29"]

1. d4 g6 2. Nf3 Bg7 3. e4 c6 4. h3 d5 5. e5 Bf5 6. Nbd2 h5 7. c4 e6 8. Be2 Ne7
9. O-O c5 10. cxd5 cxd4 11. Bb5+ Kf8 12. dxe6 Bxe6 13. Nb3 Nbc6 14. Nbxd4 Nxd4
15. Nxd4 Bxe5 16. Nxe6+ fxe6 1-0

[Event "II Festival A"]
[Site "Bisaccia ITA"]
[Date "2010.05.29"]
[Round "1"]
[White "Fiore, Mario"]
[Black "Varvaglione, Antonio"]
[Result "1-0"]
[WhiteElo "2223"]
[BlackElo "1905"]
[PlyCount "91"]
[EventDate "2010.05.29"]

1. e4 c5 2. Nf3 d6 3. c3 Nf6 4. Bd3 Nc6 5. Bc2 e5 6. h3 Be7 7. d3 d5 8. Nbd2
O-O 9. Qe2 b5 10. exd5 Qxd5 11. a4 bxa4 12. Rxa4 Rb8 13. Nc4 Nd7 14. O-O Nb6
15. Nxb6 Rxb6 16. Re1 Bb7 17. Bb1 Bf6 18. Ba2 Qd7 19. Rg4 Rd8 20. Bg5 Qd6 21.
Bxf6 Qxf6 22. Ng5 Rd7 23. Rg3 Nd8 24. Qxe5 Qxe5 25. Rxe5 g6 26. Rxc5 Rxb2 27.
Bc4 h6 28. Nf3 Kg7 29. Ne5 Re7 30. d4 Rb1+ 31. Kh2 Ne6 32. Bxe6 Rxe6 33. Rc7
Rf6 34. c4 a5 35. f4 Be4 36. d5 Rb2 37. d6 Rd2 38. d7 a4 39. c5 a3 40. Ra7 Bc6
41. Raxa3 Rd5 42. Ra7 Kf8 43. f5 gxf5 44. Rc7 f4 45. Rc8+ Ke7 46. Re8# 1-0

[Event "II Festival A"]
[Site "Bisaccia ITA"]
[Date "2010.05.28"]
[Round "1"]
[White "Franciosi, Fausto"]
[Black "Dragojlovic, Andjelko"]
[Result "0-1"]
[WhiteElo "1967"]
[BlackElo "2403"]
[PlyCount "76"]
[EventDate "2010.05.29"]

1. d4 e6 2. c4 b6 3. Nf3 Bb7 4. a3 f5 5. Nc3 Nf6 6. Bg5 Be7 7. Bxf6 Bxf6 8. e3
O-O 9. Be2 d6 10. O-O Nd7 11. Rc1 g5 12. d5 e5 13. Nd2 Bg7 14. Qc2 Qe7 15. Nb5
Nc5 16. b4 a6 17. Nc3 Nd7 18. f3 Rf6 19. g4 e4 20. gxf5 exf3 21. Rxf3 g4 22.
Rg3 h5 23. Rf1 Rh6 24. Nde4 Be5 25. Rg2 Bxc3 26. Nxc3 Qxe3+ 27. Kh1 Nf6 28. Bd3
Rf8 29. Qd2 Re8 30. Rd1 Qxd2 31. Rgxd2 Kf7 32. Ne2 Ne4 33. Bxe4 Rxe4 34. Nd4
Rh8 35. Rc1 Kf6 36. Ne6 Kxf5 37. Rf2+ Kg6 38. Rcf1 Rxe6 0-1

[Event "II Festival A"]
[Site "Bisaccia ITA"]
[Date "2010.05.29"]
[Round "1"]
[White "Gentile, Leonardo"]
[Black "Galasso, Luigi"]
[Result "0-1"]
[WhiteElo "1816"]
[BlackElo "2051"]
[PlyCount "77"]
[EventDate "2010.05.29"]

1. d4 Nf6 2. c4 g6 3. Nc3 Bg7 4. e4 d6 5. Be2 O-O 6. Nf3 e5 7. dxe5 dxe5 8.
Qxd8 Rxd8 9. O-O Na6 10. Be3 Bg4 11. h3 Bxf3 12. Bxf3 c6 13. a3 b6 14. b4 Nc7
15. Rad1 Ne6 16. b5 c5 17. g4 Nd4 18. Kg2 Kf8 19. Bxd4 cxd4 20. Nd5 Nxd5 21.
cxd5 Bh6 22. Rd3 Rac8 23. h4 Bf4 24. g5 Rc5 25. Rb1 Rdc8 26. Bg4 Rc3 27. Rb3
Rxd3 28. Rxd3 Rc5 29. Rb3 Ke7 30. Bf3 Kd6 31. Kh3 Rc2 32. Kg2 Be3 33. h5 Rxf2+
34. Kg3 Rc2 35. Kg4 Rc1 36. hxg6 hxg6 37. Kh3 Bxg5 38. Be2 Be3 39. Kg2 0-1

[Event "II Festival A"]
[Site "Bisaccia ITA"]
[Date "2010.03.29"]
[Round "1"]
[White "Kizov, Atanas"]
[Black "Ciavarra, Luigi"]
[Result "1-0"]
[WhiteElo "2394"]
[BlackElo "1960"]
[PlyCount "61"]
[EventDate "2010.05.29"]

1. d4 Nf6 2. c4 e6 3. g3 d5 4. Nf3 c6 5. Nbd2 Be7 6. Bg2 O-O 7. O-O Nbd7 8. Qc2
b6 9. e4 dxe4 10. Nxe4 Bb7 11. Rd1 Qc8 12. Bf4 Nxe4 13. Qxe4 Nf6 14. Qe2 Re8
15. Bh3 Bf8 16. Ne5 g6 17. Qf3 Nd7 18. Bg2 Nxe5 19. Bxe5 Bg7 20. Bxg7 Kxg7 21.
b4 Re7 22. c5 Qc7 23. a4 Rd8 24. Rac1 e5 25. d5 Rxd5 26. Rxd5 cxd5 27. c6 d4
28. b5 Bc8 29. Qd5 Bf5 30. Be4 Bxe4 31. Qd6 1-0

[Event "II Festival A"]
[Site "Bisaccia ITA"]
[Date "2010.05.29"]
[Round "1"]
[White "Kosic, Dragan"]
[Black "Forlano, Luigi"]
[Result "1-0"]
[WhiteElo "2501"]
[BlackElo "2024"]
[PlyCount "48"]
[EventDate "2010.05.29"]

1. d4 d5 2. Bf4 c6 3. e3 Nf6 4. c4 a6 5. Nc3 b5 6. cxd5 cxd5 7. Bd3 Nc6 8. Nf3
Bg4 9. h3 Bh5 10. Rc1 Rc8 11. O-O Bxf3 12. Qxf3 e6 13. a4 b4 14. Nb1 Qb6 15.
Qe2 Ra8 16. Nd2 Be7 17. Nb3 O-O 18. Rc2 Nd7 19. Rfc1 Rfc8 20. Qf3 Bf8 21. Qg3
Ne7 22. Rc7 e5 23. Bxe5 Nxe5 24. Qxe5 Nc6 1-0

[Event "II Festival A"]
[Site "Bisaccia ITA"]
[Date "2010.05.29"]
[Round "1"]
[White "Lattanzio, Savino"]
[Black "Tratar, Marko"]
[Result "1/2-1/2"]
[WhiteElo "2025"]
[BlackElo "2507"]
[PlyCount "129"]
[EventDate "2010.05.29"]

1. e4 d6 2. d4 Nf6 3. Qe2 e5 4. dxe5 dxe5 5. Nf3 Nbd7 6. g3 a5 7. Bg2 b6 8. O-O
Ba6 9. c4 c6 10. Rd1 Qc7 11. Nc3 Bb4 12. Bd2 O-O 13. a3 Be7 14. Rab1 a4 15.
Nxa4 b5 16. Nc3 bxc4 17. Ne1 Nc5 18. Bg5 Rab8 19. h4 Rb3 20. Bh3 Rfb8 21. Be3
Nd3 22. Nxd3 cxd3 23. Qd2 c5 24. g4 Rxc3 25. Qxc3 Nxe4 26. Qe1 Bxh4 27. Qf1 c4
28. Bg2 Nf6 29. Bf3 h6 30. Qh3 Bg5 31. Bxg5 hxg5 32. Qg3 Qc5 33. Re1 Re8 34.
Bd1 Bb7 35. Re3 Qc6 36. Qh2 e4 37. Rh3 Kf8 38. Rh8+ Ke7 39. Qe5+ Kd7 40. Rxe8
Nxe8 41. Qf5+ Kc7 42. Qa5+ Kc8 43. Ba4 Qe6 44. Qxg5 Nf6 45. Qf5 Nxg4 46. Qxe6+
fxe6 47. Bd1 Ne5 48. Kf1 Kc7 49. Ke1 e3 50. fxe3 g5 51. Kd2 g4 52. b3 g3 53.
bxc4 g2 54. Bh5 Nxc4+ 55. Kc3 Nxe3 56. Kxd3 Be4+ 57. Kxe3 Bxb1 58. Kf2 Be4 59.
Bg4 e5 60. Bh3 Kb6 61. Bxg2 Bxg2 62. Kxg2 Ka5 63. Kf3 Ka4 64. Ke4 Kxa3 65. Kxe5
1/2-1/2

[Event "II Festival A"]
[Site "Bisaccia ITA"]
[Date "2010.05.29"]
[Round "1"]
[White "Paduano, Gennaro"]
[Black "Aleksic, Nenad"]
[Result "0-1"]
[WhiteElo "1946"]
[BlackElo "2372"]
[PlyCount "77"]
[EventDate "2010.05.29"]

1. e4 c5 2. c3 b6 3. d4 Bb7 4. d5 Nf6 5. Bd3 e6 6. c4 exd5 7. exd5 b5 8. Nf3
Be7 9. O-O bxc4 10. Bxc4 d6 11. Nc3 O-O 12. Re1 Nbd7 13. Bf4 Nb6 14. b3 a6 15.
Rb1 Re8 16. Qd2 Qd7 17. Ng5 Rad8 18. Re3 Qf5 19. Rf3 h6 20. Be3 Qe5 21. Re1 Bf8
22. Nh3 Nfxd5 23. Nxd5 Bxd5 24. Bxd5 Nxd5 25. Rd1 Nxe3 26. Rxe3 Qf5 27. Rg3 Qe4
28. Nf4 a5 29. Re3 Qxf4 30. Rxe8 Qxd2 31. Rxf8+ Kxf8 32. Rxd2 Ke7 33. f3 Kd7
34. Kf2 Kc6 35. h4 d5 36. g3 d4 37. Rd3 Kd5 38. a3 a4 39. g4 0-1

[Event "II Festival A"]
[Site "Bisaccia ITA"]
[Date "2010.05.29"]
[Round "1"]
[White "Passerotti, Pierluigi"]
[Black "Sellitti, Luca"]
[Result "1-0"]
[WhiteElo "2258"]
[BlackElo "1915"]
[PlyCount "75"]
[EventDate "2010.05.29"]

1. d4 d5 2. c4 e6 3. Nc3 Nf6 4. Bg5 Be7 5. e3 O-O 6. Nf3 a6 7. a3 dxc4 8. Bxc4
b5 9. Ba2 Nbd7 10. O-O c5 11. Qe2 cxd4 12. Nxd4 Bb7 13. Rfd1 Qb6 14. e4 Bc5 15.
Be3 Ne5 16. b4 Bxd4 17. Bxd4 Qc7 18. Rac1 Rac8 19. Qe3 Neg4 20. Qg3 Qxg3 21.
hxg3 Rfd8 22. f3 Nh6 23. g4 Nhxg4 24. fxg4 Nxe4 25. Nxe4 Bxe4 26. Rxc8 Rxc8 27.
Bb3 h6 28. Kf2 Kh7 29. g3 Kg6 30. Ke3 Bb7 31. Kf4 Rc6 32. Bc5 e5+ 33. Kxe5 Kg5
34. Bxf7 Kxg4 35. Be6+ Kxg3 36. Rg1+ Kh2 37. Rxg7 Bc8 38. Bg1+ 1-0

[Event "II Festival A"]
[Site "Bisaccia ITA"]
[Date "2010.05.29"]
[Round "1"]
[White "Piscopo, Pierluigi"]
[Black "Sirena, Gianni"]
[Result "1-0"]
[WhiteElo "2426"]
[BlackElo "1974"]
[PlyCount "88"]
[EventDate "2010.05.29"]

1. e4 c5 2. Nf3 Nc6 3. Bb5 Nd4 4. Nxd4 cxd4 5. O-O e6 6. c3 Qb6 7. Ba4 Nf6 8.
d3 Be7 9. cxd4 Qxd4 10. Nc3 O-O 11. Be3 Qb4 12. a3 Qa5 13. Rc1 a6 14. b4 Qd8
15. e5 Ne8 16. d4 d6 17. Qf3 Nc7 18. Qg3 Bh4 19. Qg4 f5 20. exf6 Bxf6 21. Ne4
Nd5 22. Bb3 Kh8 23. Qg3 Be7 24. Bd2 Qb6 25. Rfe1 Bd7 26. Bxd5 exd5 27. Nc5 Bh4
28. Qxh4 dxc5 29. bxc5 Qg6 30. Bc3 Rae8 31. Re7 Rf7 32. Rxe8+ Bxe8 33. Re1 Rf8
34. Qe7 Rg8 35. Qe6 Qd3 36. Qe3 Qc2 37. h4 Qg6 38. Qe5 h6 39. Re3 Bc6 40. Rg3
Qf6 41. Qe3 Kh7 42. Qd3+ Kh8 43. Rg6 Qf4 44. Qg3 Qxg3 1-0

[Event "II Festival A"]
[Site "Bisaccia ITA"]
[Date "2010.05.29"]
[Round "1"]
[White "Rotelli, Pietro"]
[Black "Naumkin, Igor"]
[Result "0-1"]
[WhiteElo "1993"]
[BlackElo "2480"]
[PlyCount "62"]
[EventDate "2010.05.29"]

1. d4 Nf6 2. c4 e6 3. Nc3 Bb4 4. Qc2 O-O 5. Nf3 b6 6. g3 Ba6 7. a3 Bxc3+ 8.
Qxc3 c5 9. Bg2 Nc6 10. O-O d5 11. dxc5 bxc5 12. cxd5 Ne4 13. Qc2 exd5 14. Be3
Rc8 15. Rfe1 Re8 16. Rad1 d4 17. Bc1 Qf6 18. Rf1 c4 19. Qa4 Nc5 20. Qc2 h6 21.
Nh4 d3 22. exd3 Nd4 23. Qb1 Nxd3 24. Bh3 Bb7 25. Bg2 Ne2+ 26. Kh1 Bxg2+ 27.
Kxg2 Qc6+ 28. f3 Nexc1 29. Rxc1 Re2+ 30. Kg1 Rxb2 31. Qa1 Qc5+ 0-1

[Event "II Festival A"]
[Site "Bisaccia ITA"]
[Date "2010.05.29"]
[Round "1"]
[White "Salvador, Roland"]
[Black "Colucci, Stefano"]
[Result "1-0"]
[WhiteElo "2485"]
[BlackElo "1994"]
[PlyCount "53"]
[EventDate "2010.05.29"]

1. d4 Nf6 2. Nf3 e6 3. c4 b6 4. g3 Bb7 5. Bg2 c5 6. d5 exd5 7. Nh4 g6 8. Nc3
Bg7 9. Bf4 O-O 10. Bd6 Re8 11. cxd5 a6 12. O-O Bf8 13. Bxf8 Kxf8 14. f4 Ng4 15.
f5 Ne3 16. Qd2 g5 17. f6 Re5 18. Qd3 Kg8 19. Be4 Nxf1 20. Bxh7+ Kf8 21. Ng6+
Ke8 22. Nxe5 Qxf6 23. Nc4 b5 24. Ne4 Qh6 25. Ned6+ Kf8 26. Kxf1 f6 27. Qe4 1-0

[Event "II Festival A"]
[Site "Bisaccia ITA"]
[Date "2010.05.29"]
[Round "1"]
[White "Sanchez, Joseph"]
[Black "Gambardella, Piero"]
[Result "1-0"]
[WhiteElo "2478"]
[BlackElo "1986"]
[PlyCount "44"]
[EventDate "2010.05.29"]

1. e4 e6 2. d4 d5 3. Nc3 Bb4 4. e5 c5 5. a3 Bxc3+ 6. bxc3 Ne7 7. h4 Nbc6 8. h5
Qa5 9. Bd2 Bd7 10. h6 g6 11. Nf3 cxd4 12. cxd4 Qa4 13. Rh4 Nf5 14. Rf4 O-O 15.
Rb1 Na5 16. Bb4 Rfc8 17. Bd3 Nc4 18. Qc1 a5 19. Bd2 b6 20. Rxf5 exf5 21. Bg5
Rc6 22. Bxc4 Qxc4 1-0

[Event "II Festival A"]
[Site "Bisaccia ITA"]
[Date "2010.05.29"]
[Round "1"]
[White "Vespe, Francesco"]
[Black "Laketic, Gojko"]
[Result "0-1"]
[WhiteElo "1979"]
[BlackElo "2453"]
[PlyCount "57"]
[EventDate "2010.05.29"]

1. d4 d6 2. c4 e5 3. d5 Be7 4. Nc3 Bg5 5. e4 Bxc1 6. Rxc1 Nf6 7. Nge2 O-O 8.
Ng3 c5 9. Be2 Na6 10. a3 Nc7 11. b4 b6 12. h3 cxb4 13. axb4 a5 14. Na4 axb4 15.
Nxb6 Ra5 16. c5 Rxc5 17. Rxc5 dxc5 18. Nxc8 Qxc8 19. Qc1 Nce8 20. Nf5 Qc7 21.
f3 g6 22. Ne3 Nd6 23. Nc4 Nxc4 24. Bxc4 Ne8 25. Qb2 Nd6 26. Qb3 Ra8 27. Be2
Ra1+ 28. Bd1 Qa7 29. Qb2 0-1

[Event "II Festival A"]
[Site "Bisaccia ITA"]
[Date "2010.05.29"]
[Round "1"]
[White "Vuelban, Virgilio"]
[Black "Grasso, Nino"]
[Result "1-0"]
[WhiteElo "2369"]
[BlackElo "1942"]
[PlyCount "105"]
[EventDate "2010.05.29"]

1. e4 e5 2. Nf3 Nc6 3. Nc3 Nf6 4. Bc4 Be7 5. d3 d6 6. Be3 Na5 7. h3 Nxc4 8.
dxc4 Be6 9. Qd3 Qd7 10. g4 h6 11. Nd5 c6 12. Nxe7 Kxe7 13. O-O-O Rhd8 14. Nxe5
dxe5 15. Qa3+ Ke8 16. Rxd7 Rxd7 17. f3 Bxc4 18. Qc3 Be2 19. Qxe5+ Kf8 20. Bxh6
Rad8 21. b3 Ne8 22. Bg5 f6 23. Qf4 Kg8 24. Bh4 Nc7 25. Qe3 Bd1 26. g5 Rd2 27.
Qxd2 Rxd2 28. Kxd2 Bxf3 29. Rg1 fxg5 30. Bg3 Ne6 31. Ke3 g4 32. hxg4 Bxg4 33.
Bb8 Bh5 34. Bxa7 g5 35. a4 Kf7 36. Bd4 Kg6 37. Be5 Kh6 38. Rh1 Kg6 39. b4 Nf8
40. c4 Nd7 41. Bd4 Bg4 42. a5 Be6 43. Rc1 Kh5 44. b5 c5 45. Bh8 Kh4 46. Rd1 g4
47. Rd6 Nf8 48. Bg7 Bxc4 49. a6 g3 50. Bxf8 bxa6 51. b6 Kh5 52. b7 g2 53. Kf2
1-0

[Event "II Festival A"]
[Site "Bisaccia ITA"]
[Date "2010.05.30"]
[Round "2"]
[White "Aleksic, Nenad"]
[Black "Epishin, Vladimir V."]
[Result "1/2-1/2"]
[WhiteElo "2372"]
[BlackElo "2611"]
[PlyCount "59"]
[EventDate "2010.05.29"]

1. e4 c5 2. Nf3 e6 3. Nc3 a6 4. g3 b5 5. d4 cxd4 6. Nxd4 Bb7 7. Bg2 Nc6 8. O-O
Rc8 9. Re1 Nxd4 10. Qxd4 Ne7 11. a4 Nc6 12. Qd1 b4 13. Nd5 d6 14. Ne3 a5 15. b3
Be7 16. Bb2 O-O 17. Qd2 Qb6 18. Rad1 Rfd8 19. Nc4 Qc5 20. Qf4 Ba6 21. Bf1 Bxc4
22. Bxc4 Ne5 23. Bxe5 dxe5 24. Qf3 Qc6 25. Rd3 Rxd3 26. cxd3 g6 27. Qe2 Bc5 28.
Kg2 Kg7 29. Bb5 Qb7 30. d4 1/2-1/2

[Event "II Festival A"]
[Site "Bisaccia ITA"]
[Date "2010.05.30"]
[Round "2"]
[White "Caprio, Guido"]
[Black "Salvador, Roland"]
[Result "1/2-1/2"]
[WhiteElo "2224"]
[BlackElo "2485"]
[PlyCount "56"]
[EventDate "2010.05.29"]

1. e4 c5 2. Nf3 e6 3. d4 cxd4 4. Nxd4 a6 5. Nc3 Nc6 6. Be3 Qc7 7. Qd2 Nf6 8.
O-O-O Be7 9. f3 h5 10. Qf2 d6 11. Qg3 Bd7 12. Qxg7 Rg8 13. Qh6 Rg6 14. Qh8+ Bf8
15. Ndb5 axb5 16. Nxb5 Qb8 17. Nxd6+ Ke7 18. Nf5+ Ke8 19. Nd6+ Ke7 20. Nc8+ Ke8
21. Nd6+ Ke7 22. Nf5+ Ke8 23. Nd6+ Ke7 24. Nc8+ Ke8 25. Nd6+ Ke7 26. Nf5+ Ke8
27. Nd6+ Ke7 28. Nf5+ Ke8 1/2-1/2

[Event "II Festival A"]
[Site "Bisaccia ITA"]
[Date "2010.05.30"]
[Round "2"]
[White "Carnicelli, Valerio"]
[Black "Paduano, Gennaro"]
[Result "1-0"]
[WhiteElo "1821"]
[BlackElo "1946"]
[PlyCount "105"]
[EventDate "2010.05.29"]

1. e4 c5 2. Nf3 e6 3. d4 cxd4 4. Nxd4 Nf6 5. Nc3 Bb4 6. Bd3 Nc6 7. Be3 Qa5 8.
O-O Nxd4 9. Bxd4 e5 10. a3 exd4 11. axb4 Qxb4 12. e5 Ng8 13. Nb5 Qc5 14. Nd6+
Kf8 15. Qf3 Nh6 16. Rfe1 Ke7 17. Qg3 Kf8 18. Qh4 Qc7 19. Ra4 b5 20. Nxb5 Qb6
21. Rxd4 Bb7 22. Rxd7 Bc6 23. Qe7+ Kg8 24. Rd6 Nf5 25. Bxf5 Qxb5 26. Rd8+ Rxd8
27. Qxd8+ Be8 28. Rd1 Qxe5 29. Bd7 Kf8 30. Bxe8 Qxe8 31. Qd6+ Kg8 32. Qd8 Kf8
33. Qxe8+ Kxe8 34. Ra1 Ke7 35. Rxa7+ Ke6 36. Kf1 Rc8 37. c3 Rb8 38. Ra2 Rb3 39.
Ke2 Rb5 40. b4 Kd6 41. Ra6+ Kd5 42. Ra5 Rxa5 43. bxa5 Kc5 44. c4 Kc6 45. Kd3 f5
46. Kd4 g6 47. c5 h5 48. h4 Kc7 49. Kd5 Kd7 50. a6 Kc7 51. c6 Kb8 52. Kd6 f4
53. c7+ 1-0

[Event "II Festival A"]
[Site "Bisaccia ITA"]
[Date "2010.05.30"]
[Round "2"]
[White "Ciavarra, Luigi"]
[Black "Cardone, Andrea"]
[Result "1-0"]
[WhiteElo "1960"]
[BlackElo "1503"]
[PlyCount "115"]
[EventDate "2010.05.29"]

1. d4 Nf6 2. c4 g6 3. Nc3 Bg7 4. e4 d6 5. Bg5 O-O 6. Nf3 Bg4 7. Be2 c6 8. Qd2
Bxf3 9. Bxf3 e5 10. Rc1 Nbd7 11. d5 c5 12. h4 Qb6 13. h5 Rfe8 14. g4 Nf8 15.
Rb1 a6 16. Qe3 Qb4 17. Be2 Qa5 18. Kf1 Rab8 19. a4 Qc7 20. Qh3 Qd7 21. Qh4 Qe7
22. h6 Bh8 23. Rh3 b6 24. Rf3 N8d7 25. Bd1 a5 26. Nb5 Qf8 27. Bxf6 Nxf6 28.
Rxf6 Bxf6 29. Qxf6 Qxh6 30. Nxd6 Qh3+ 31. Ke1 Rf8 32. Bf3 Qh2 33. Ke2 Qf4 34.
Qh4 Rbd8 35. Qe7 h6 36. Rg1 Qg5 37. Qc7 Rb8 38. Rg3 Qd8 39. Qxd8 Rbxd8 40. Nb5
Kg7 41. g5 h5 42. Bg2 f6 43. Nc7 Rd7 44. Ne6+ Kf7 45. Nxf8 Kxf8 46. Bh3 Rd6 47.
Be6 Kg7 48. gxf6+ Kxf6 49. Rf3+ Kg5 50. Rf7 h4 51. Rd7 Rxd7 52. Bxd7 Kf6 53. d6
Kf7 54. Kf3 g5 55. Kg4 Kf8 56. f3 Kg7 57. Kxg5 h3 58. Bxh3 1-0

[Event "II Festival A"]
[Site "Bisaccia ITA"]
[Date "2010.05.30"]
[Round "2"]
[White "Colucci, Stefano"]
[Black "Bove, Raffaele"]
[Result "1/2-1/2"]
[WhiteElo "1994"]
[BlackElo "1910"]
[PlyCount "126"]
[EventDate "2010.05.29"]

1. e4 c5 2. Nf3 d6 3. d4 cxd4 4. Nxd4 Nf6 5. Nc3 a6 6. Bg5 e6 7. f4 Be7 8. Qf3
Nbd7 9. Bc4 Nc5 10. O-O-O Ncxe4 11. Nxe4 Nxe4 12. Bxe7 Qxe7 13. Qxe4 d5 14.
Bxd5 exd5 15. Qxd5 O-O 16. Rhe1 Qh4 17. Qe4 Bg4 18. Nf3 Qh5 19. Rd5 Qh6 20. Ne5
Be6 21. Rd3 f5 22. Qe3 Rad8 23. Rxd8 Rxd8 24. Ng4 fxg4 25. Qxe6+ Qxe6 26. Rxe6
Kf7 27. Rb6 Rd7 28. c4 Kf8 29. Kc2 Rd4 30. g3 Rxc4+ 31. Kd3 Rc7 32. b4 Ke8 33.
Rd6 Rc1 34. Re6+ Kd7 35. Re2 Kd6 36. Kd4 g6 37. Rb2 b5 38. Rd2 Rc4+ 39. Ke3+
Ke7 40. Rb2 Ke6 41. Kd3 Kd5 42. a3 Rd4+ 43. Ke3 Re4+ 44. Kd3 Rd4+ 45. Kc3 Rc4+
46. Kb3 Kd4 47. Rd2+ Ke3 48. Rd7 Rd4 49. Rxh7 Rd3+ 50. Kb2 Rd2+ 51. Kc1 Ra2 52.
Kb1 Rxa3 53. Kb2 Rd3 54. Re7+ Kd4 55. Kc2 Rc3+ 56. Kb2 Rd3 57. Re6 Kc4 58. Rxa6
Kxb4 59. Rxg6 Rd2+ 60. Kc1 Rxh2 61. f5 Kc3 62. Rc6+ Kb3 63. Rd6 Kc3 1/2-1/2

[Event "II Festival A"]
[Site "Bisaccia ITA"]
[Date "2010.05.30"]
[Round "2"]
[White "Dragojlovic, Andjelko"]
[Black "Celli, Dario"]
[Result "1-0"]
[WhiteElo "2403"]
[BlackElo "2104"]
[PlyCount "83"]
[EventDate "2010.05.29"]

1. g3 d5 2. Nf3 Nf6 3. Bg2 Bf5 4. d3 c6 5. Nbd2 e6 6. O-O Be7 7. Qe1 h6 8. e4
Bh7 9. Qe2 O-O 10. Re1 a5 11. e5 Nfd7 12. Nf1 c5 13. h4 Nc6 14. Bf4 b5 15. N1h2
Re8 16. Bh3 a4 17. Ng4 Bf8 18. Qd2 Ne7 19. h5 Nf5 20. Ngh2 a3 21. b3 Qa5 22.
Qc1 Rec8 23. g4 Nd4 24. Bd2 Nxf3+ 25. Nxf3 Qc7 26. g5 hxg5 27. Bxg5 c4 28. bxc4
bxc4 29. d4 Rcb8 30. c3 Rb2 31. Qf4 Rc2 32. Re3 Qa5 33. Bh4 Rxc3 34. Ng5 Rxe3
35. Qxf7+ Kh8 36. fxe3 Qc3 37. Re1 Nxe5 38. dxe5 Bc5 39. Nxh7 Bxe3+ 40. Kg2
Kxh7 41. Bxe6 Qxe5 42. Qf5+ 1-0

[Event "II Festival A"]
[Site "Bisaccia ITA"]
[Date "2010.05.30"]
[Round "2"]
[White "Forlano, Luigi"]
[Black "Di Muccio, Lindoro"]
[Result "1-0"]
[WhiteElo "2024"]
[BlackElo "1934"]
[PlyCount "69"]
[EventDate "2010.05.29"]

1. e4 c5 2. Nc3 d6 3. f4 e6 4. Nf3 a6 5. g3 Nf6 6. d3 b5 7. Bg2 Bb7 8. O-O Be7
9. h3 O-O 10. g4 e5 11. f5 Nc6 12. g5 Ne8 13. Nd5 f6 14. g6 h6 15. Qe1 Nb4 16.
Nxb4 cxb4 17. Qh4 Qc7 18. Nh2 d5 19. Ng4 Bc5+ 20. Kh2 dxe4 21. dxe4 Nd6 22.
Bxh6 gxh6 23. Nxh6+ Kg7 24. Ng4 Kg8 25. Nxf6+ Rxf6 26. Qxf6 Re8 27. Qg5 Nxe4
28. Bxe4 Bxe4 29. f6 Re6 30. Rad1 Bd6 31. Rxd6 Qxd6 32. f7+ Kg7 33. f8=Q+ Qxf8
34. Rxf8 Kxf8 35. Qd8+ 1-0

[Event "II Festival A"]
[Site "Bisaccia ITA"]
[Date "2010.05.30"]
[Round "2"]
[White "Galasso, Luigi"]
[Black "Piscopo, Pierluigi"]
[Result "0-1"]
[WhiteElo "2051"]
[BlackElo "2426"]
[PlyCount "62"]
[EventDate "2010.05.29"]

1. c4 e5 2. Nc3 Nf6 3. g3 d5 4. cxd5 Nxd5 5. Bg2 Nb6 6. Nf3 Nc6 7. d3 Be7 8.
O-O O-O 9. Be3 Bg4 10. Rc1 Re8 11. Ne4 Nd4 12. Bxd4 exd4 13. Nc5 Bxc5 14. Rxc5
Qd6 15. Rc2 Be6 16. Qc1 c6 17. a3 Bb3 18. Rd2 h6 19. Ne1 Re7 20. Nc2 Rae8 21.
Re1 Re6 22. Na1 Bd5 23. Qc2 h5 24. Nb3 Bxg2 25. Kxg2 Qd5+ 26. f3 h4 27. Nc5 Rg6
28. Ne4 Qe5 29. g4 Nd5 30. Kh1 Qf4 31. Qc5 Rxe4 0-1

[Event "II Festival A"]
[Site "Bisaccia ITA"]
[Date "2010.05.30"]
[Round "2"]
[White "Gambardella, Piero"]
[Black "Boni, Gianni"]
[Result "1-0"]
[WhiteElo "1986"]
[BlackElo "1856"]
[PlyCount "114"]
[EventDate "2010.05.29"]

1. d4 b6 2. e4 Bb7 3. Bd3 e6 4. Qe2 f5 5. Nf3 fxe4 6. Bxe4 Bxe4 7. Qxe4 Nc6 8.
O-O Nf6 9. Qe2 Be7 10. c4 O-O 11. Nc3 a6 12. Bf4 Nh5 13. Bg3 Nxg3 14. hxg3 Bf6
15. Rad1 Qe7 16. Ne5 Bxe5 17. dxe5 Rf5 18. f4 Raf8 19. Ne4 h6 20. c5 b5 21. a4
Nb4 22. axb5 axb5 23. Qxb5 Nd5 24. Qb3 Rd8 25. Rf2 Rff8 26. Rxd5 exd5 27. Qxd5+
Qe6 28. Rd2 Qxd5 29. Rxd5 Kf7 30. f5 Ke7 31. g4 Rb8 32. c6 dxc6 33. Rc5 Rb6 34.
Nd2 Rxb2 35. Nc4 Rb1+ 36. Kh2 Kd7 37. e6+ Kc8 38. Rxc6 Kb8 39. Ne5 Kb7 40. Rc2
Re1 41. Rb2+ Ka6 42. Nd3 Re3 43. Nc5+ Ka5 44. Rb7 Rc8 45. Nb3+ Ka4 46. Nc5+ Ka3
47. Na6 c5 48. Nc7 c4 49. Nb5+ Ka2 50. Nd6 Rc5 51. Ra7+ Kb3 52. Rb7+ Kc2 53. e7
c3 54. e8=Q Rxe8 55. Nxe8 Kc1 56. Nd6 c2 57. Ne4 Kd1 1-0